[Event "XtraCon-Skakligaen"]
[Site "Denmark"]
[Date "2011.03.12"]
[Round "8.3"]
[White "Nielsen, Lars Aaes"]
[Black "Kolbak, Jens"]
[Result "1-0"]
[WhiteElo "2276"]
[BlackElo "2295"]
[PlyCount "103"]
[EventDate "2010.11.06"]
[EventType "team-tourn"]
[EventRounds "9"]
[WhiteTeam "Nordkalotten"]
[BlackTeam "Norresundby"]
[WhiteTeamCountry "DEN"]
[BlackTeamCountry "DEN"]

1. e4 c6 2. c4 d5 3. exd5 cxd5 4. cxd5 Qxd5 5. Nc3 Qd8 6. Bc4 Nf6 7. Nf3 e6 8.
O-O Be7 9. d4 O-O 10. Ne5 Nc6 11. Nxc6 bxc6 12. Be3 Bb7 13. Qb3 Rb8 14. Qa4 a5
15. Qc2 Nd5 16. Na4 Bd6 17. Nc5 Bc8 18. Ne4 Nb4 19. Qd2 Bxh2+ 20. Kxh2 Qh4+ 21.
Kg1 Qxe4 22. Bf4 Ra8 23. a3 Nd5 24. Bd6 Rd8 25. Rfe1 Qh4 26. Bg3 Qe7 27. Rac1
Bb7 28. Bd3 Rdc8 29. Rc5 Qd8 30. Re4 a4 31. Rh4 f5 32. Rh3 Ra7 33. Be5 Ba8 34.
g4 Rf7 35. gxf5 exf5 36. f4 Bb7 37. Qh2 g6 38. Rc2 Qd7 39. Rg2 Kf8 40. Rh6 Re8
41. Bc4 Re6 42. Rg3 Qe7 43. Rhxg6 Ke8 44. Rg8+ Kd7 45. Rb8 Bc8 46. Qg2 Rxe5 47.
fxe5 Kc7 48. Bxd5 cxd5 49. Rb5 Bb7 50. Qc2+ Bc6 51. Rc5 Qe8 52. Qxa4 1-0

[Event "XtraCon-Skakligaen"]
[Site "Denmark"]
[Date "2011.03.12"]
[Round "8.5"]
[White "Kristensen, Kaare Hove"]
[Black "Willumsen, Henrik"]
[Result "1/2-1/2"]
[WhiteElo "2260"]
[BlackElo "2173"]
[PlyCount "56"]
[EventDate "2010.11.06"]
[EventType "team-tourn"]
[EventRounds "9"]
[WhiteTeam "Nordkalotten"]
[BlackTeam "Norresundby"]
[WhiteTeamCountry "DEN"]
[BlackTeamCountry "DEN"]

1. d4 Nf6 2. c4 g6 3. Nc3 Bg7 4. e4 d6 5. f4 c5 6. dxc5 Qa5 7. Bd3 Qxc5 8. Nf3
Nc6 9. Qe2 O-O 10. Be3 Qh5 11. O-O Ng4 12. Rac1 Nd4 13. Bxd4 Bxd4+ 14. Kh1 Bc5
15. Nd5 e6 16. Ne7+ Kg7 17. Nxc8 Raxc8 18. h3 e5 19. Ng1 Nf6 20. f5 g5 21. Qxh5
Nxh5 22. Ne2 Kf6 23. g3 Bd4 24. Kg2 Ke7 25. Rfd1 Bc5 26. Nc3 Nf6 27. Nd5+ Nxd5
28. exd5 h5 1/2-1/2

[Event "XtraCon-Skakligaen"]
[Site "Denmark"]
[Date "2011.03.12"]
[Round "8.6"]
[White "Olesen, Poul Erik Norgaard"]
[Black "Jakobsen, Peter"]
[Result "1/2-1/2"]
[WhiteElo "2106"]
[BlackElo "2230"]
[PlyCount "28"]
[EventDate "2010.11.06"]
[EventType "team-tourn"]
[EventRounds "9"]
[WhiteTeam "Norresundby"]
[BlackTeam "Nordkalotten"]
[WhiteTeamCountry "DEN"]
[BlackTeamCountry "DEN"]

1. e4 e5 2. Bc4 Nf6 3. d3 Nc6 4. Nf3 Be7 5. O-O O-O 6. Re1 d6 7. c3 Kh8 8. h3
Ng8 9. d4 Bf6 10. dxe5 Nxe5 11. Nxe5 dxe5 12. Nd2 Ne7 13. Nf3 Qxd1 14. Rxd1 h6
1/2-1/2

[Event "XtraCon-Skakligaen"]
[Site "Denmark"]
[Date "2011.03.12"]
[Round "8.7"]
[White "Ejsing, Esben"]
[Black "Christiansen, Jens Jorgen"]
[Result "1/2-1/2"]
[WhiteElo "2118"]
[BlackElo "2136"]
[PlyCount "57"]
[EventDate "2010.11.06"]
[EventType "team-tourn"]
[EventRounds "9"]
[WhiteTeam "Nordkalotten"]
[BlackTeam "Norresundby"]
[WhiteTeamCountry "DEN"]
[BlackTeamCountry "DEN"]

1. e4 d5 2. Nc3 dxe4 3. Nxe4 Bf5 4. Ng3 Bg6 5. Nf3 e6 6. b3 Nf6 7. Bb2 Nbd7 8.
Nh4 Bd6 9. Be2 c5 10. Bf3 Qc7 11. Qe2 O-O 12. Nxg6 hxg6 13. Ne4 Be5 14. c3 Rab8
15. d4 cxd4 16. cxd4 Nxe4 17. Bxe4 Qa5+ 18. Kf1 Bd6 19. a3 Qb6 20. b4 Nf6 21.
Bd3 Nd5 22. g3 Qc6 23. Kg1 Nf6 24. h4 Qd5 25. Re1 Rbc8 26. Kh2 Rfe8 27. f4 a6
28. Rhf1 b5 29. Kh3 1/2-1/2

[Event "XtraCon-Skakligaen"]
[Site "Denmark"]
[Date "2011.03.12"]
[Round "8.1"]
[White "Greger, Roland Reinhard"]
[Black "Teplyi, Igor"]
[Result "1/2-1/2"]
[WhiteElo "2389"]
[BlackElo "2394"]
[PlyCount "53"]
[EventDate "2010.11.06"]
[EventType "team-tourn"]
[EventRounds "9"]
[WhiteTeam "K41"]
[BlackTeam "Nordre"]
[WhiteTeamCountry "DEN"]
[BlackTeamCountry "DEN"]

1. e4 c5 2. c3 d6 3. d4 Nf6 4. Bd3 Qc7 5. Nf3 g6 6. dxc5 Qxc5 7. Na3 Nc6 8. Nb5
Qb6 9. Be3 Qd8 10. h3 Bg7 11. Qd2 O-O 12. O-O Qa5 13. Rfe1 Nxe4 14. Bxe4 Qxb5
15. Bh6 Ne5 16. Bxg7 Kxg7 17. a4 Qc5 18. Nd4 Rb8 19. b4 Qc7 20. a5 Bd7 21. f4
Nc4 22. Qf2 e5 23. Nf3 exf4 24. Qxa7 Kg8 25. a6 Nb6 26. Rad1 Ba4 27. Rd4
1/2-1/2

[Event "XtraCon-Skakligaen"]
[Site "Denmark"]
[Date "2011.03.12"]
[Round "8.2"]
[White "Veng, Johny"]
[Black "Ost Hansen, Jacob"]
[Result "1/2-1/2"]
[WhiteElo "2297"]
[BlackElo "2381"]
[PlyCount "34"]
[EventDate "2010.11.06"]
[EventType "team-tourn"]
[EventRounds "9"]
[WhiteTeam "Nordre"]
[BlackTeam "K41"]
[WhiteTeamCountry "DEN"]
[BlackTeamCountry "DEN"]

1. c4 g6 2. g3 Bg7 3. Bg2 e5 4. Nc3 d6 5. e4 Nc6 6. Nge2 Nh6 7. d3 O-O 8. h4 f6
9. h5 g5 10. Nd5 f5 11. exf5 Bxf5 12. Ne3 Be6 13. Nc3 Nf7 14. h6 Nxh6 15. Qh5
Nb4 16. Be4 Qf6 17. Rh2 Bf7 1/2-1/2

[Event "XtraCon-Skakligaen"]
[Site "Denmark"]
[Date "2011.03.12"]
[Round "8.3"]
[White "Rasmussen, Casper Dahl"]
[Black "Petersen, Tom Petri"]
[Result "1/2-1/2"]
[WhiteElo "2357"]
[BlackElo "2301"]
[PlyCount "55"]
[EventDate "2010.11.06"]
[EventType "team-tourn"]
[EventRounds "9"]
[WhiteTeam "K41"]
[BlackTeam "Nordre"]
[WhiteTeamCountry "DEN"]
[BlackTeamCountry "DEN"]

1. d4 Nf6 2. g3 g6 3. Bg2 Bg7 4. e4 d6 5. Nc3 O-O 6. Nge2 Nbd7 7. h3 e5 8. Be3
c6 9. a4 Qe7 10. O-O Re8 11. g4 h5 12. g5 Nh7 13. h4 f6 14. f4 fxg5 15. fxg5
exd4 16. Bxd4 Ne5 17. Nf4 Bg4 18. Qd2 Nf8 19. b3 Kh7 20. Rf2 Ne6 21. Nxe6 Bxe6
22. Ne2 Rf8 23. Raf1 a6 24. Nf4 Bg4 25. Qe3 Bd7 26. Rd2 Rf7 27. c4 Raf8 28. Qg3
1/2-1/2

[Event "XtraCon-Skakligaen"]
[Site "Denmark"]
[Date "2011.03.12"]
[Round "8.4"]
[White "Nielsen, Poul Erik"]
[Black "Hagen, Andreas Skytte"]
[Result "0-1"]
[WhiteElo "2243"]
[BlackElo "2290"]
[PlyCount "88"]
[EventDate "2010.11.06"]
[EventType "team-tourn"]
[EventRounds "9"]
[WhiteTeam "Nordre"]
[BlackTeam "K41"]
[WhiteTeamCountry "DEN"]
[BlackTeamCountry "DEN"]

1. c4 Nf6 2. g3 c6 3. Bg2 d5 4. Nf3 g6 5. b3 Bg7 6. Bb2 O-O 7. O-O Bg4 8. d3
Nbd7 9. Nbd2 Re8 10. h3 Bxf3 11. Bxf3 e5 12. Qc2 Qe7 13. e4 dxe4 14. dxe4 Bf8
15. a3 Rad8 16. b4 c5 17. Bc3 Qe6 18. Kh2 Nb8 19. b5 Bh6 20. Rfd1 Nbd7 21. Ba5
b6 22. Bc3 Nf8 23. a4 Rd6 24. Be2 Bxd2 25. Rxd2 Rxd2 26. Bxd2 Qd6 27. Be3 Ne6
28. Kg2 h5 29. h4 Nd7 30. f3 Nd4 31. Qd3 Nf8 32. Kf2 Nfe6 33. Bf1 Qe7 34. Bh3
Qf6 35. Qd1 Rd8 36. Bxe6 Qxe6 37. Rc1 Rd6 38. Qf1 Qd7 39. Bxd4 Rxd4 40. Rc2 Rd1
41. Qe2 Qd4+ 42. Kg2 Qg1+ 43. Kh3 Qh1+ 44. Qh2 Qxf3 0-1

[Event "XtraCon-Skakligaen"]
[Site "Denmark"]
[Date "2011.03.12"]
[Round "8.5"]
[White "Christensen, Bo Garner"]
[Black "Christensen, Jan Schleicher"]
[Result "1-0"]
[WhiteElo "2254"]
[BlackElo "2229"]
[PlyCount "33"]
[EventDate "2010.11.06"]
[EventType "team-tourn"]
[EventRounds "9"]
[WhiteTeam "K41"]
[BlackTeam "Nordre"]
[WhiteTeamCountry "DEN"]
[BlackTeamCountry "DEN"]

1. e4 e5 2. Nf3 Nc6 3. Bb5 f5 4. d4 fxe4 5. Nxe5 Nxe5 6. dxe5 c6 7. Be2 Qa5+ 8.
Nc3 Qxe5 9. O-O Kd8 10. Be3 Nf6 11. Bd4 Qe6 12. f3 exf3 13. Bxf3 d5 14. Qd2 Bb4
15. Rae1 Qf7 16. Qf4 Rf8 17. Bxf6+ 1-0

[Event "XtraCon-Skakligaen"]
[Site "Denmark"]
[Date "2011.03.12"]
[Round "8.6"]
[White "Hoiberg, Nina"]
[Black "Naes, Flovin Tor"]
[Result "1/2-1/2"]
[WhiteElo "2198"]
[BlackElo "2231"]
[PlyCount "67"]
[EventDate "2010.11.06"]
[EventType "team-tourn"]
[EventRounds "9"]
[WhiteTeam "Nordre"]
[BlackTeam "K41"]
[WhiteTeamCountry "DEN"]
[BlackTeamCountry "DEN"]

1. e4 e5 2. Nf3 Nc6 3. d4 exd4 4. Bc4 Nf6 5. e5 d5 6. Bb5 Ne4 7. Nxd4 Bd7 8.
Bxc6 bxc6 9. O-O g6 10. f3 Nc5 11. Be3 Ne6 12. c3 Bg7 13. f4 O-O 14. Nd2 Qe7
15. b4 a5 16. a3 Nxd4 17. Bxd4 Qh4 18. Nb3 axb4 19. axb4 Rxa1 20. Qxa1 Bh6 21.
g3 Qg4 22. Qd1 Qh3 23. Qe2 Ra8 24. Ra1 Rxa1+ 25. Nxa1 g5 26. fxg5 Bxg5 27. Nb3
Qf5 28. Nc5 Bc8 29. Qd3 Qg4 30. Kf2 Qh3 31. Kg1 Qg4 32. Kf2 Qh3 33. Kg1 Qg4 34.
Kf2 1/2-1/2

[Event "XtraCon-Skakligaen"]
[Site "Denmark"]
[Date "2011.03.12"]
[Round "8.7"]
[White "Andreasen, Joan Hendrik"]
[Black "Holst, Per"]
[Result "1-0"]
[WhiteElo "2237"]
[BlackElo "2129"]
[PlyCount "67"]
[EventDate "2010.11.06"]
[EventType "team-tourn"]
[EventRounds "9"]
[WhiteTeam "K41"]
[BlackTeam "Nordre"]
[WhiteTeamCountry "DEN"]
[BlackTeamCountry "DEN"]

1. d4 e6 2. c4 Nf6 3. Nc3 Bb4 4. g3 O-O 5. Bg2 d6 6. Nf3 Nbd7 7. Bf4 Ne4 8. Qb3
Bxc3+ 9. bxc3 Qe7 10. O-O Kh8 11. c5 dxc5 12. Bxc7 cxd4 13. cxd4 Ndc5 14. dxc5
Qxc7 15. Qc2 f5 16. Nd4 Qxc5 17. Qxc5 Nxc5 18. Rfc1 Na4 19. Rc7 e5 20. Nb5 e4
21. Rac1 b6 22. g4 Nc5 23. Nd6 Be6 24. gxf5 Bxf5 25. f3 Bg6 26. fxe4 h6 27. e5
Rad8 28. Rxa7 Rf4 29. Rf1 Rxf1+ 30. Kxf1 Kg8 31. Bd5+ Kf8 32. Kf2 Rd7 33. Ra8+
Ke7 34. Nc8+ 1-0

[Event "XtraCon-Skakligaen"]
[Site "Denmark"]
[Date "2011.03.12"]
[Round "8.8"]
[White "Pedersen, Karl"]
[Black "Laursen, Niels Norskov"]
[Result "0-1"]
[WhiteElo "2254"]
[BlackElo "2211"]
[PlyCount "52"]
[EventDate "2010.11.06"]
[EventType "team-tourn"]
[EventRounds "9"]
[WhiteTeam "Nordre"]
[BlackTeam "K41"]
[WhiteTeamCountry "DEN"]
[BlackTeamCountry "DEN"]

1. g3 Nf6 2. Bg2 c5 3. e4 Nc6 4. d3 e6 5. Nd2 Qc7 6. Ngf3 b6 7. O-O Bb7 8. Re1
d6 9. b3 Be7 10. Bb2 O-O 11. c3 Ne5 12. Nxe5 dxe5 13. Qe2 Rfd8 14. Nf3 Ba6 15.
Rad1 Rac8 16. h3 Nd7 17. Qe3 Bf6 18. Nh2 h6 19. h4 Be7 20. Bc1 Nb8 21. Bf1 Nc6
22. Qf3 b5 23. Qh5 Bf8 24. f4 c4 25. fxe5 g6 26. Qf3 Nxe5 0-1

[Event "XtraCon-Skakligaen"]
[Site "Denmark"]
[Date "2011.03.12"]
[Round "8.1"]
[White "Mikkelsen, Nikolaj"]
[Black "Matthiesen, Arne"]
[Result "1-0"]
[WhiteElo "2416"]
[BlackElo "2315"]
[PlyCount "71"]
[EventDate "2010.11.06"]
[EventType "team-tourn"]
[EventRounds "9"]
[WhiteTeam "BMS"]
[BlackTeam "SK1968"]
[WhiteTeamCountry "DEN"]
[BlackTeamCountry "DEN"]

1. e4 c5 2. Nf3 Nc6 3. Bb5 g6 4. Bxc6 bxc6 5. d3 Bg7 6. Nc3 d6 7. h3 Rb8 8. O-O
e5 9. Rb1 Ne7 10. Nh2 O-O 11. f4 f5 12. fxe5 Bxe5 13. Bh6 Bd4+ 14. Kh1 Rf7 15.
Qd2 Qa5 16. Qe2 Bd7 17. Nf3 Re8 18. Ng5 Rf6 19. Rbe1 f4 20. e5 Bxe5 21. Nce4
Rf5 22. Qg4 d5 23. Nxc5 Qxc5 24. Rxe5 Qd4 25. Nf3 Qb4 26. Ree1 Qd6 27. Qh4 Nc8
28. Rxe8+ Bxe8 29. Re1 Bf7 30. d4 Qf6 31. Bg5 Qd6 32. Ne5 Qf8 33. Nd7 Qb4 34.
c3 Qd6 35. Nf6+ Rxf6 36. Bxf6 1-0

[Event "XtraCon-Skakligaen"]
[Site "Denmark"]
[Date "2011.03.12"]
[Round "8.2"]
[White "Matthiesen, Martin"]
[Black "Kristiansen, Jens"]
[Result "0-1"]
[WhiteElo "2271"]
[BlackElo "2421"]
[PlyCount "68"]
[EventDate "2010.11.06"]
[EventType "team-tourn"]
[EventRounds "9"]
[WhiteTeam "SK1968"]
[BlackTeam "BMS"]
[WhiteTeamCountry "DEN"]
[BlackTeamCountry "DEN"]

1. c4 e5 2. g3 d6 3. Bg2 g6 4. Nc3 Bg7 5. e4 Nc6 6. Nge2 Nf6 7. d3 Nd7 8. Be3
Nc5 9. d4 exd4 10. Nxd4 Ne5 11. Bf1 O-O 12. Be2 Re8 13. Qd2 Ng4 14. Bxg4 Bxg4
15. f3 Bd7 16. O-O-O a6 17. Kb1 Qb8 18. Bh6 Be5 19. Nd5 Qd8 20. Bg5 f6 21. Be3
c6 22. Nc3 b5 23. cxb5 axb5 24. f4 b4 25. fxe5 bxc3 26. Qxc3 fxe5 27. Nxc6 Qc7
28. Nb4 Qb7 29. Bxc5 Qxe4+ 30. Ka1 dxc5 31. Nd5 Rxa2+ 32. Kxa2 Ra8+ 33. Qa3
Rxa3+ 34. bxa3 Be6 0-1

[Event "XtraCon-Skakligaen"]
[Site "Denmark"]
[Date "2011.03.12"]
[Round "8.3"]
[White "Brinck Claussen, Bjorn"]
[Black "Hansen, Lars"]
[Result "0-1"]
[WhiteElo "2262"]
[BlackElo "2252"]
[PlyCount "76"]
[EventDate "2010.11.06"]
[EventType "team-tourn"]
[EventRounds "9"]
[WhiteTeam "BMS"]
[BlackTeam "SK1968"]
[WhiteTeamCountry "DEN"]
[BlackTeamCountry "DEN"]

1. e4 g6 2. d4 Bg7 3. Nc3 c6 4. f4 d5 5. e5 Nh6 6. Nf3 f6 7. Bd3 O-O 8. h3 fxe5
9. fxe5 c5 10. dxc5 Nc6 11. Qe2 e6 12. Bg5 Qa5 13. Qd2 Nf7 14. Bf6 Bh6 15. Qf2
Nfxe5 16. Nxe5 Nxe5 17. Qh4 Qxc5 18. Qxh6 Nxd3+ 19. cxd3 Rxf6 20. Qh4 Qe3+ 21.
Ne2 Rf8 22. Rc1 Bd7 23. Qd4 Qh6 24. Rc7 Bc6 25. Qe5 Rae8 26. Rf1 Qh4+ 27. Ng3
Rxf1+ 28. Kxf1 Rf8+ 29. Kg1 Qf6 30. Qxf6 Rxf6 31. d4 Rf7 32. Rxf7 Kxf7 33. Kf2
Kf6 34. Ke3 Bb5 35. Nh1 e5 36. Nf2 h5 37. h4 Bf1 38. g4 b6 0-1

[Event "XtraCon-Skakligaen"]
[Site "Denmark"]
[Date "2011.03.12"]
[Round "8.5"]
[White "Haubro, Sigfred"]
[Black "Lindfeldt, Jan Magnus"]
[Result "1/2-1/2"]
[WhiteElo "2190"]
[BlackElo "2225"]
[PlyCount "112"]
[EventDate "2010.11.06"]
[EventType "team-tourn"]
[EventRounds "9"]
[WhiteTeam "BMS"]
[BlackTeam "SK1968"]
[WhiteTeamCountry "DEN"]
[BlackTeamCountry "DEN"]

1. Nf3 Nf6 2. b3 d5 3. Bb2 Nbd7 4. e3 e6 5. Be2 Bd6 6. d4 c6 7. O-O O-O 8. Ne5
Qc7 9. f4 Ne4 10. Nd2 Nxd2 11. Qxd2 c5 12. Rf3 f6 13. Nxd7 Bxd7 14. Raf1 Rac8
15. c4 Bc6 16. Rh3 cxd4 17. exd4 dxc4 18. bxc4 Be4 19. c5 Be7 20. Bc4 Qc6 21.
f5 Bd5 22. Bd3 e5 23. Qe2 Qe8 24. Re1 Qf7 25. dxe5 fxe5 26. f6 Bxc5+ 27. Kh1 g6
28. Bxe5 Rce8 29. Qd1 Bxa2 30. Rg3 Kh8 31. Qd2 Rxe5 32. Rxe5 Qxf6 33. Re1 Bd5
34. h3 Qf2 35. Qxf2 Rxf2 36. Rg5 Bb4 37. Re8+ Bg8 38. Rb5 Rf8 39. Rxf8 Bxf8 40.
Rxb7 Bc5 41. Ba6 Bb6 42. Kh2 Bd5 43. Re7 Bc5 44. Re8+ Kg7 45. g3 Kf6 46. h4 h5
47. Rc8 Bb6 48. Bc4 Be4 49. Rf8+ Ke7 50. Rf7+ Kd6 51. Rf4 Ke5 52. Bf7 a5 53.
Rxe4+ Kxe4 54. Bxg6+ Ke5 55. Bxh5 Bf2 56. Kh3 Bxg3 1/2-1/2

[Event "XtraCon-Skakligaen"]
[Site "Denmark"]
[Date "2011.03.12"]
[Round "8.7"]
[White "Akdag, Dara Sevkan"]
[Black "Hansen, Bjarne"]
[Result "0-1"]
[WhiteElo "2174"]
[BlackElo "2238"]
[PlyCount "126"]
[EventDate "2010.11.06"]
[EventType "team-tourn"]
[EventRounds "9"]
[WhiteTeam "BMS"]
[BlackTeam "SK1968"]
[WhiteTeamCountry "DEN"]
[BlackTeamCountry "DEN"]

1. d4 Nf6 2. c4 d6 3. Nc3 Nbd7 4. e4 e5 5. Nf3 Be7 6. Be2 c6 7. O-O a6 8. b4
O-O 9. a4 exd4 10. Nxd4 c5 11. Nc2 cxb4 12. Nxb4 Nc5 13. Qc2 Be6 14. Rd1 Qc7
15. Bg5 Ncd7 16. Rac1 Rac8 17. Qb1 Qa5 18. Nbd5 Nxd5 19. Rxd5 Qd8 20. Bxe7 Qxe7
21. Rd4 Ne5 22. Qb4 Qg5 23. Rdd1 Bxc4 24. Qxb7 Bxe2 25. Nxe2 Rxc1 26. Rxc1 Qd2
27. Kf1 g6 28. Qxa6 f5 29. exf5 Rxf5 30. Qc8+ Kg7 31. Qc3 Qa2 32. Qc2 Qf7 33.
Ng3 Rf4 34. Rd1 Ng4 35. Qc3+ Kh6 36. f3 Qa7 37. Ne4 Ne3+ 38. Ke2 Nxd1 39. Qd2
Ne3 40. Qxe3 Qxe3+ 41. Kxe3 Rf5 42. Nxd6 Ra5 43. Ne4 Rxa4 44. Kf4 Rb4 45. Kg4
Kg7 46. h4 h6 47. Kg3 Kf7 48. Nf2 Ke6 49. Ng4 h5 50. Nf2 Rd4 51. Ne4 Ke5 52.
Ng5 Rf4 53. Nh3 Rf5 54. Ng5 Kd4 55. Ne4 Ke3 56. Ng5 Ke2 57. Ne6 Kf1 58. Nf4 Rf6
59. Nd5 Re6 60. Nf4 Rd6 61. Nh3 Rd4 62. f4 Rd3+ 63. Kh2 Rd2 0-1

[Event "XtraCon-Skakligaen"]
[Site "Denmark"]
[Date "2011.03.12"]
[Round "8.8"]
[White "Larsen, Pelle O"]
[Black "Rostgaard, Tobias Valentin"]
[Result "0-1"]
[WhiteElo "2144"]
[BlackElo "2126"]
[PlyCount "68"]
[EventDate "2010.11.06"]
[EventType "team-tourn"]
[EventRounds "9"]
[WhiteTeam "SK1968"]
[BlackTeam "BMS"]
[WhiteTeamCountry "DEN"]
[BlackTeamCountry "DEN"]

1. Nf3 Nf6 2. c4 e6 3. g3 d5 4. Bg2 Be7 5. O-O O-O 6. d4 dxc4 7. Qc2 a6 8. Qxc4
b5 9. Qc2 Bb7 10. Bg5 Nbd7 11. Bxf6 Nxf6 12. Nbd2 Rc8 13. Nb3 Be4 14. Qc3 Qd5
15. Rfd1 Rfd8 16. Ne1 c5 17. f3 Bg6 18. e4 Qc4 19. Qxc4 bxc4 20. Nxc5 e5 21.
Rac1 Rxd4 22. Na4 Rcd8 23. Nc3 Bb4 24. Nd5 Nxd5 25. Nc2 Bc5 26. Nxd4 Nb6 27.
Bf1 Bxd4+ 28. Kg2 Rc8 29. b3 c3 30. Bxa6 Ra8 31. Bd3 Rxa2+ 32. Rc2 Ra3 33. Bc4
Nxc4 34. Rxc3 Nd6 0-1

[Event "XtraCon-Skakligaen"]
[Site "Denmark"]
[Date "2011.03.13"]
[Round "9.3"]
[White "Sorensen, Jan"]
[Black "Rasmussen, Casper Dahl"]
[Result "1-0"]
[WhiteElo "2411"]
[BlackElo "2357"]
[PlyCount "71"]
[EventDate "2010.11.06"]
[EventType "team-tourn"]
[EventRounds "9"]
[WhiteTeam "Aarhus/Skolerne"]
[BlackTeam "K41"]
[WhiteTeamCountry "DEN"]
[BlackTeamCountry "DEN"]

1. e4 e5 2. Bc4 Nc6 3. Nc3 Nf6 4. d3 Bc5 5. Bg5 h6 6. Bh4 a6 7. Nd5 g5 8. Bg3
d6 9. h4 g4 10. h5 Nxd5 11. Bxd5 Qg5 12. Bxc6+ bxc6 13. Ne2 Rb8 14. b3 f5 15.
exf5 Bxf5 16. Qd2 Kd7 17. c3 Rbf8 18. b4 Bb6 19. d4 Qxd2+ 20. Kxd2 exd4 21.
cxd4 Be4 22. Rh4 Rhg8 23. Bf4 Bxg2 24. Rg1 Bh3 25. Bxh6 Rxf2 26. Be3 Rf3 27. h6
a5 28. h7 Rh8 29. Nf4 Rxf4 30. Bxf4 Bxd4 31. Be3 Be5 32. bxa5 Ra8 33. Rh5 Ke6
34. a6 c5 35. Re1 Rxa6 36. Rxe5+ 1-0

[Event "XtraCon-Skakligaen"]
[Site "Denmark"]
[Date "2011.03.13"]
[Round "9.4"]
[White "Hagen, Andreas Skytte"]
[Black "Boe, Mads"]
[Result "1-0"]
[WhiteElo "2290"]
[BlackElo "2343"]
[PlyCount "81"]
[EventDate "2010.11.06"]
[EventType "team-tourn"]
[EventRounds "9"]
[WhiteTeam "K41"]
[BlackTeam "Aarhus/Skolerne"]
[WhiteTeamCountry "DEN"]
[BlackTeamCountry "DEN"]

1. e4 d5 2. exd5 Qxd5 3. Nc3 Qa5 4. d4 Nf6 5. Nf3 c6 6. Bc4 Bf5 7. Bd2 e6 8.
Nd5 Qd8 9. Nxf6+ gxf6 10. Bb3 a5 11. a4 Rg8 12. Qe2 Be7 13. O-O-O Na6 14. Rhe1
Nb4 15. h3 Qd6 16. Nh4 Bg6 17. f4 f5 18. Nf3 Nd5 19. Ne5 Nf6 20. g4 Ne4 21. g5
h6 22. h4 hxg5 23. hxg5 Bf8 24. Qh2 Bg7 25. Nxg6 fxg6 26. Qh7 Kf7 27. Rxe4 fxe4
28. f5 gxf5 29. Qxf5+ Ke7 30. Qxe4 Kd7 31. Bf4 Qe7 32. d5 exd5 33. Rxd5+ cxd5
34. Qxd5+ Ke8 35. Qxg8+ Kd7 36. Qd5+ Ke8 37. Kb1 Rd8 38. Qb5+ Kf8 39. Qf5+ Ke8
40. Ka2 Rd1 41. c3 1-0

[Event "XtraCon-Skakligaen"]
[Site "Denmark"]
[Date "2011.03.13"]
[Round "9.5"]
[White "Rendboe, John Filip"]
[Black "Christensen, Bo Garner"]
[Result "1-0"]
[WhiteElo "2280"]
[BlackElo "2254"]
[PlyCount "105"]
[EventDate "2010.11.06"]
[EventType "team-tourn"]
[EventRounds "9"]
[WhiteTeam "Aarhus/Skolerne"]
[BlackTeam "K41"]
[WhiteTeamCountry "DEN"]
[BlackTeamCountry "DEN"]

1. d4 Nf6 2. c4 g6 3. Nc3 Bg7 4. e4 d6 5. Nf3 O-O 6. Be2 e5 7. O-O Nc6 8. d5
Ne7 9. Ne1 a5 10. Nd3 b6 11. b4 Nd7 12. bxa5 Rxa5 13. Bd2 f5 14. a4 Nf6 15. f3
Bd7 16. Nf2 h5 17. Nb5 Ne8 18. Bxa5 bxa5 19. Qd2 Qa8 20. c5 Rf6 21. c6 Bc8 22.
Rab1 Kh7 23. Kh1 Bh6 24. Qc3 g5 25. Nd3 Ng6 26. Na3 g4 27. Nc4 gxf3 28. Bxf3
Ng7 29. Qxa5 Qxa5 30. Nxa5 Ba6 31. Rfd1 Nh4 32. Nb4 Bc8 33. Rf1 Be3 34. Be2 f4
35. Nc4 Bc5 36. Nd3 Bd4 37. Nd2 Be3 38. Nf3 Ng6 39. a5 h4 40. Rb8 Ne7 41. Nf2
Rh6 42. Nh3 Kg6 43. a6 Nh5 44. Nxh4+ Kg7 45. Rxc8 Nxc8 46. Nf5+ Kg6 47. Nxh6
Kxh6 48. Bxh5 Kxh5 49. g3 fxg3 50. hxg3 Kg4 51. Kg2 Na7 52. Rf3 Bb6 53. Rf5 1-0

[Event "XtraCon-Skakligaen"]
[Site "Denmark"]
[Date "2011.03.13"]
[Round "9.6"]
[White "Naes, Flovin Tor"]
[Black "Pedersen, Finn"]
[Result "1-0"]
[WhiteElo "2231"]
[BlackElo "2303"]
[PlyCount "83"]
[EventDate "2010.11.06"]
[EventType "team-tourn"]
[EventRounds "9"]
[WhiteTeam "K41"]
[BlackTeam "Aarhus/Skolerne"]
[WhiteTeamCountry "DEN"]
[BlackTeamCountry "DEN"]

1. d4 d5 2. c4 c6 3. Nc3 Nf6 4. Nf3 dxc4 5. Ne5 e6 6. g3 Nbd7 7. Nxc4 b5 8. Nd2
Rb8 9. Nb3 Bd6 10. Bg2 Qc7 11. e4 Be7 12. Bf4 e5 13. dxe5 Nxe5 14. Qd4 Nfd7 15.
Rc1 Qd6 16. O-O Qxd4 17. Nxd4 O-O 18. Bh3 Bf6 19. Rfd1 Re8 20. Nxc6 Nc5 21.
Bxe5 Bxe5 22. Ne7+ Kf8 23. Nxc8 b4 24. Nd5 Nxe4 25. Nc7 Rbxc8 26. Bxc8 Rxc8 27.
Ne6+ fxe6 28. Rxc8+ Ke7 29. f3 Nf6 30. Ra8 Nd5 31. Rxa7+ Kf6 32. Rd2 h5 33. Rb7
h4 34. Kf2 Bd6 35. Rxd5 exd5 36. Rb6 hxg3+ 37. hxg3 Ke5 38. Rxd6 Kxd6 39. Ke3
Kc5 40. Kd3 g5 41. f4 gxf4 42. gxf4 1-0

[Event "XtraCon-Skakligaen"]
[Site "Denmark"]
[Date "2011.03.13"]
[Round "9.7"]
[White "Jacobsen, Bo"]
[Black "Andreasen, Joan Hendrik"]
[Result "0-1"]
[WhiteElo "2317"]
[BlackElo "2237"]
[PlyCount "80"]
[EventDate "2010.11.06"]
[EventType "team-tourn"]
[EventRounds "9"]
[WhiteTeam "Aarhus/Skolerne"]
[BlackTeam "K41"]
[WhiteTeamCountry "DEN"]
[BlackTeamCountry "DEN"]

1. c4 Nf6 2. g3 e6 3. Bg2 d5 4. Nf3 Be7 5. O-O O-O 6. d4 dxc4 7. Qc2 a6 8. Qxc4
b5 9. Qc2 Bb7 10. Bd2 Nbd7 11. Ba5 Rc8 12. Nbd2 Bd6 13. e4 e5 14. Rfe1 Qe7 15.
a4 c5 16. dxe5 Nxe5 17. Nxe5 Bxe5 18. axb5 axb5 19. Bc3 Ra8 20. Rac1 Nd7 21.
Qb3 Bc6 22. Bxe5 Nxe5 23. Qc2 c4 24. Re2 Nd3 25. Rb1 Ra2 26. Nb3 Nb4 27. Qc3
cxb3 28. Qxb3 Rd8 29. Re3 Ra7 30. Rc1 Rad7 31. Bf1 Rd4 32. f3 h5 33. e5 Bd5 34.
Qa3 Bc4 35. Bxc4 Rxc4 36. Rxc4 bxc4 37. Re4 Qc5+ 38. Kg2 Rd2+ 39. Kh3 Qg1 40.
Qa8+ Kh7 0-1

[Event "XtraCon-Skakligaen"]
[Site "Denmark"]
[Date "2011.03.13"]
[Round "9.8"]
[White "Laursen, Niels Norskov"]
[Black "Rewitz, Poul"]
[Result "1/2-1/2"]
[WhiteElo "2211"]
[BlackElo "2296"]
[PlyCount "65"]
[EventDate "2010.11.06"]
[EventType "team-tourn"]
[EventRounds "9"]
[WhiteTeam "K41"]
[BlackTeam "Aarhus/Skolerne"]
[WhiteTeamCountry "DEN"]
[BlackTeamCountry "DEN"]

1. e4 c6 2. d4 d5 3. exd5 cxd5 4. c4 Nf6 5. Nc3 Nc6 6. Bg5 e6 7. c5 Be7 8. Bb5
O-O 9. Nf3 Ne4 10. Bxe7 Nxe7 11. Bd3 Nxc3 12. bxc3 Re8 13. O-O b6 14. Ne5 Ng6
15. Bxg6 hxg6 16. cxb6 axb6 17. f4 Qc7 18. Qe1 Ra3 19. Rf3 Ba6 20. Rh3 Qe7 21.
g4 Qf6 22. Qc1 Ra5 23. Qd2 Rc8 24. Qf2 g5 25. f5 exf5 26. gxf5 Ra3 27. Qb2 Ra5
28. Qf2 Re8 29. Ng4 Qd6 30. Ne5 Qf6 31. Ng4 Qd6 32. Ne5 Qf6 33. Ng4 1/2-1/2

[Event "XtraCon-Skakligaen"]
[Site "Denmark"]
[Date "2011.03.13"]
[Round "9.1"]
[White "Andreasen, Per Naesby"]
[Black "Mikkelsen, Nikolaj"]
[Result "1/2-1/2"]
[WhiteElo "2239"]
[BlackElo "2416"]
[PlyCount "33"]
[EventDate "2010.11.06"]
[EventType "team-tourn"]
[EventRounds "9"]
[WhiteTeam "Norresundby"]
[BlackTeam "BMS"]
[WhiteTeamCountry "DEN"]
[BlackTeamCountry "DEN"]

1. Nf3 g6 2. e4 Bg7 3. d4 a6 4. Bd3 d6 5. O-O Nd7 6. c4 e5 7. d5 Ngf6 8. Nc3
O-O 9. Rb1 c5 10. dxc6 bxc6 11. b4 Bb7 12. Qb3 Re8 13. Re1 Nf8 14. c5 Ne6 15.
cxd6 Qxd6 16. Na4 Nd7 17. Ng5 1/2-1/2